|
|
|
|
| LEADER |
00846pam a22002418a 4500 |
| 001 |
00020594 |
| 005 |
20171026081023.0 |
| 008 |
110518s1993 ||||||Viesd |
| 020 |
|
|
|c 15000
|
| 041 |
0 |
# |
|a Vie
|
| 082 |
1 |
4 |
|a 747
|b TR106TR
|
| 100 |
0 |
# |
|a Lê Tuấn
|
| 245 |
0 |
0 |
|a Trang trí nội thật trong kiến trúc hiện đại
|c Lê Tuấn, Yến Vỹ
|
| 260 |
# |
# |
|a Đồng Nai
|b [NXB Đồng Nai]
|c 1993
|
| 300 |
# |
# |
|a 108 tr.
|b Hình vẻ
|c 29 cm.
|
| 500 |
# |
# |
|a ĐTTS ghi: Nghệ thuật trang hoàng nhà cửa
|
| 650 |
# |
4 |
|a Trang trí nội thật
|
| 653 |
# |
# |
|a Nghệ thuật trang trí
|
| 700 |
0 |
# |
|a Yến Vỹ
|
| 852 |
# |
# |
|b Kho đọc
|j KD.0005707
|
| 852 |
# |
# |
|j KD.0005707
|
| 910 |
0 |
# |
|a Đức
|d 18/05/2011
|
| 980 |
# |
# |
|a Trung tâm Học liệu Lê Vũ Hùng, Trường Đại học Đồng Tháp
|